书目信息 |
| 题名: |
有机化学中的催化作用
|
|
| 作者: | 多尔郭夫 著 ;李忠福 译 | |
| 分册: | 上册 | |
| 出版信息: | 北京 高等教育出版社 1955 |
|
| 页数: | 241页 | |
| 开本: | 20cm | |
| 丛书名: | ||
| 单 册: | ||
| 中图分类: | O621.25 | |
| 科图分类: | ||
| 主题词: | 有机化学 | |
| 电子资源: | ||
| ISBN: | ||
| 000 | 00645nam0 2200205 450 | |
| 001 | 0634466051 | |
| 005 | 20060818112628.12 | |
| 010 | @dCNY1.20 | |
| 100 | @a20060316d1955 km y0chiy0120 ea | |
| 101 | 0 | @achi |
| 102 | @aCN@b110000 | |
| 200 | 1 | @a有机化学中的催化作用@Ayou ji hua xue zhong de cui hua zuo yong@h上册@fБ·Н·多尔郭夫著@FБ·Н·duo er guo fu zhu@g李忠福等译@Gli zhong fu deng yi |
| 210 | @a北京@c高等教育出版社@d1955 | |
| 215 | 1 | @a241页@d20cm |
| 606 | 0 | @a有机化学 |
| 690 | @aO621.25@v4 | |
| 701 | 0 | @a多尔郭夫@Aduo er guo fu@4著 |
| 702 | 0 | @a李忠福@Ali zhong fu@4译 |
| 801 | 0 | @aCN@bPFT@c20060818 |
| 905 | @a10447@dO621.25@e1:1 | |
| 有机化学中的催化作用.上册/Б·Н·多尔郭夫著/李忠福等译.-北京:高等教育出版社,1955 |
| 241页;20cm |
| ISBN :CNY1.20 |
| ● |
| 相关链接 |
|
|
|
|
正题名:有机化学中的催化作用
索取号:O621.25/1:1
 
预约/预借
| 序号 | 登录号 | 条形码 | 馆藏地/架位号 | 状态 | 备注 |
| 1 | 0013531 | 202188015 | 密集书库/ [索取号:O621.25/1:1] | 在馆 | |
| 2 | 0468670 | 204686704 | 密集书库/ [索取号:O621.25/1:1] | 在馆 |